Statistics for What Teams Beat the Golden State Warriors in Their Record Breaking Year

Click here to take the quiz!

General Stats

  • This quiz has been taken 89 times
  • The average score is 5 of 9

Answer Stats

Hint Answer % Correct
Mar. 6, 2016Los Angeles Lakers
79%
Apr. 1, 2016Boston Celtics
72%
Mar. 19, 2016San Antonio Spurs
68%
Dec. 12, 2015Milwaukee Bucks
62%
Jan. 13, 2016Denver Nuggets
60%
Apr. 5, 2016Minnesota Timberwolves
50%
Dec. 30, 2015Dallas Mavericks
47%
Jan. 16, 2016Detroit Pistons
45%
Feb. 19, 2016Portland Trailblazers
42%

Score Distribution

Percentile by Number Answered

Percent of People with Each Score

Your Score History

You have not taken this quiz